000 00530nam a22001817a 4500
005 20231009133713.0
008 230905b |||||||| |||| 00| 0 eng d
020 _a9781936237074
082 _a658.4
_bCAV
100 _aCavico,Frank J.
245 _aDeveloping a Legal, Ethical, and Socially Responsible Mindset for Sustainable Leadership
260 _aUSA
_bILEAD Academy
_c2016
300 _a138
500 _aInclude index, Terminologies,Bibliography.
650 _aManagement
700 _aFrank J.Cavico
999 _c33438
_d33438